Statistics for Band Logo Quiz

Click here to take the quiz!

General Stats

  • This quiz has been taken 899 times
  • The average score is 8 of 20

Answer Stats

Answer% Correct
The Rolling Stones
96%
Green Day
90%
Nirvana
85%
Red Hot Chili Peppers
76%
Queen
60%
Metallica
58%
Blink-182
37%
Slipknot
36%
Linkin Park
35%
Bon Jovi
31%
Radiohead
31%
Black Sabbath
25%
Coldplay
23%
Rage Against the Machine
22%
Bullet for My Valentine
17%
Pearl Jam
16%
Fall Out Boy
8%
Paramore
6%
Thirty Seconds to Mars
5%
Taking Back Sunday
1%

Score Distribution

Percentile by Number Answered

Percent of People with Each Score

Your Score History

You have not taken this quiz